Gares de l'Ariège - Statistiques

Statistiques générales
  • Ce quiz a été pris 97 fois
  • Le résultat moyen est 7 sur 12
Statistiques - réponses
Nombre de voyageurs Gares % Correct
407 502 Pamiers
97%
318 840 Foix
94%
93 053 Ax les Thermes
84%
193 894 Saverdun
71%
97 437 Tarascon sur Ariège
65%
57 877 Varilhes
63%
8 454 Mérens les Vals
47%
12 426 Les Cabanes
45%
19 537 Le Vernet d'Ariège
45%
11 835 Luzenac - Garanou
44%
11 540 Saint Jean de Verges
44%
19 765 L'Hospitalet près l'Andorre
37%
Aucun quiz correspondant
Distribution des résultats
% des personnes avec chaque résultat
Percentile par nombre de réponses
Votre historique - résultats
Vous n’avez pas pris ce quiz